<?xml version="1.0" encoding="UTF-8"?>
<record
    xmlns:xsi="http://www.w3.org/2001/XMLSchema-instance"
    xsi:schemaLocation="http://www.loc.gov/MARC21/slim http://www.loc.gov/standards/marcxml/schema/MARC21slim.xsd"
    xmlns="http://www.loc.gov/MARC21/slim">

  <leader>01902nam a2200337 a 4500</leader>
  <controlfield tag="001">000039178</controlfield>
  <controlfield tag="003">DO-SdBNP</controlfield>
  <controlfield tag="005">20220513140121.0</controlfield>
  <controlfield tag="007">ta</controlfield>
  <controlfield tag="008">130606s2021    dr            000 0 spa d</controlfield>
  <datafield tag="020" ind1=" " ind2=" ">
    <subfield code="a">9789945904123</subfield>
  </datafield>
  <datafield tag="040" ind1=" " ind2=" ">
    <subfield code="a">DO-SdBNP</subfield>
    <subfield code="b">spa</subfield>
    <subfield code="c">BNPHU</subfield>
  </datafield>
  <datafield tag="082" ind1=" " ind2="4">
    <subfield code="a">342.7293</subfield>
    <subfield code="b">C748e</subfield>
    <subfield code="2">22</subfield>
  </datafield>
  <datafield tag="245" ind1="1" ind2="0">
    <subfield code="a">Conflictos entre derechos constitucionales en la Rep&#xFA;blica Dominicana /</subfield>
    <subfield code="c">Enmanuel Cede&#xF1;o Brea ... [et al.]</subfield>
  </datafield>
  <datafield tag="260" ind1=" " ind2=" ">
    <subfield code="a">Santo Domingo :</subfield>
    <subfield code="b">PCMM,</subfield>
    <subfield code="c">2021.</subfield>
  </datafield>
  <datafield tag="300" ind1=" " ind2=" ">
    <subfield code="a">306 p. ;</subfield>
    <subfield code="c">24 cm.</subfield>
  </datafield>
  <datafield tag="490" ind1="1" ind2=" ">
    <subfield code="a">Ciudadan&#xED;a y pol&#xED;ticas p&#xFA;blicas</subfield>
  </datafield>
  <datafield tag="500" ind1=" " ind2=" ">
    <subfield code="a">Incluye referencias bibliogr&#xE1;ficas y notas al pie de las p&#xE1;ginas.</subfield>
  </datafield>
  <datafield tag="500" ind1=" " ind2=" ">
    <subfield code="a">Incluye bibliograf&#xED;a al final de los cap&#xED;tulos</subfield>
  </datafield>
  <datafield tag="590" ind1=" " ind2=" ">
    <subfield code="a">Inventariado, 2021 / DG</subfield>
  </datafield>
  <datafield tag="651" ind1=" " ind2="4">
    <subfield code="a">Rep&#xFA;blica Dominicana</subfield>
    <subfield code="x">Derecho Constitucional</subfield>
    <subfield code="9">9303</subfield>
  </datafield>
  <datafield tag="700" ind1="1" ind2=" ">
    <subfield code="a">Reyes, Renny,</subfield>
    <subfield code="9">81426</subfield>
    <subfield code="t">La regulaci&#xF3;n del derecho a huelga frente a los derechos de los usuarios a os servicios p&#xFA;blicos : &#xBF;norma o est&#xE1;ndar?</subfield>
  </datafield>
  <datafield tag="700" ind1="1" ind2=" ">
    <subfield code="a">Cede&#xF1;o-Brea, Enmanuel,</subfield>
    <subfield code="t">El secreto profesional y las obligaciones de prevenci&#xF3;n del lavado de activos de los profesionales sujetos obligados no financieros </subfield>
    <subfield code="9">81610</subfield>
  </datafield>
  <datafield tag="700" ind1="1" ind2=" ">
    <subfield code="a">Sousa Duverg&#xE9;, Luis Antonio,</subfield>
    <subfield code="t">El control de convencionalidad en la Rep&#xFA;blica Dominicana y el derecho a la nacionalidad : colisi&#xF3;n entre la soberan&#xED;a y la protecci&#xF3;n de los derechos humanos.</subfield>
    <subfield code="9">81611</subfield>
  </datafield>
  <datafield tag="700" ind1="1" ind2=" ">
    <subfield code="a">Jorge Mera, Dilia Leticia.</subfield>
    <subfield code="t">El derecho a la salud del menor y la autoridad parental.</subfield>
    <subfield code="9">81612</subfield>
  </datafield>
  <datafield tag="700" ind1="1" ind2=" ">
    <subfield code="a">Pe&#xF1;a P&#xE9;rez, Pascal.</subfield>
    <subfield code="9">81334</subfield>
    <subfield code="t">La protecci&#xF3;n de datos personales como derecho fundamental en la Rep&#xFA;blica Dominicana : los desaf&#xED;os jur&#xED;dicos del ecosistema digital.</subfield>
  </datafield>
  <datafield tag="700" ind1="1" ind2=" ">
    <subfield code="a">Perdomo Cordero, Nassef.</subfield>
    <subfield code="e">El derecho al olvido de los funcionarios en la constituci&#xF3;n dominicana.</subfield>
    <subfield code="9">54065</subfield>
  </datafield>
  <datafield tag="830" ind1=" " ind2="0">
    <subfield code="a">Ciudadan&#xED;a y pol&#xED;ticas p&#xFA;blicas</subfield>
    <subfield code="9">19938</subfield>
  </datafield>
  <datafield tag="910" ind1=" " ind2=" ">
    <subfield code="a">DG. Validado MFF</subfield>
  </datafield>
  <datafield tag="942" ind1=" " ind2=" ">
    <subfield code="2">ddc</subfield>
    <subfield code="c">LBS1</subfield>
  </datafield>
  <datafield tag="952" ind1=" " ind2=" ">
    <subfield code="0">0</subfield>
    <subfield code="1">0</subfield>
    <subfield code="2">ddc</subfield>
    <subfield code="5">1</subfield>
    <subfield code="7">0</subfield>
    <subfield code="8">PD</subfield>
    <subfield code="a">BNPHU</subfield>
    <subfield code="b">BNPHU</subfield>
    <subfield code="c">HD</subfield>
    <subfield code="d">2022-04-07</subfield>
    <subfield code="o">BNPHU PD 342.7293 C748e</subfield>
    <subfield code="p">2022-1224</subfield>
    <subfield code="r">2022-04-07</subfield>
    <subfield code="w">2022-04-07</subfield>
    <subfield code="y">LBS1</subfield>
  </datafield>
  <datafield tag="952" ind1=" " ind2=" ">
    <subfield code="0">0</subfield>
    <subfield code="1">0</subfield>
    <subfield code="2">ddc</subfield>
    <subfield code="5">1</subfield>
    <subfield code="7">0</subfield>
    <subfield code="8">PD</subfield>
    <subfield code="a">BNPHU</subfield>
    <subfield code="b">BNPHU</subfield>
    <subfield code="c">HD</subfield>
    <subfield code="d">2022-04-07</subfield>
    <subfield code="o">BNPHU PD 342.7293 C748e</subfield>
    <subfield code="p">2022-1225</subfield>
    <subfield code="r">2022-04-07</subfield>
    <subfield code="t">e.2</subfield>
    <subfield code="w">2022-04-07</subfield>
    <subfield code="y">LBS1</subfield>
  </datafield>
  <datafield tag="952" ind1=" " ind2=" ">
    <subfield code="0">0</subfield>
    <subfield code="1">0</subfield>
    <subfield code="2">ddc</subfield>
    <subfield code="5">6</subfield>
    <subfield code="7">0</subfield>
    <subfield code="8">DS</subfield>
    <subfield code="a">BNPHU</subfield>
    <subfield code="b">BNPHU</subfield>
    <subfield code="c">HD</subfield>
    <subfield code="d">2022-04-07</subfield>
    <subfield code="o">BNPHU DS 342.7293 C748e</subfield>
    <subfield code="p">2022-1226</subfield>
    <subfield code="r">2022-04-07</subfield>
    <subfield code="t">e.3</subfield>
    <subfield code="w">2022-04-07</subfield>
    <subfield code="y">LBS1</subfield>
  </datafield>
  <datafield tag="999" ind1=" " ind2=" ">
    <subfield code="c">51482</subfield>
    <subfield code="d">51482</subfield>
  </datafield>
</record>
